[Event "Tournoi Skype 030B"]
[Site "Skype"]
[Date "????.??.??"]
[Round "2.1"]
[White "De Coninck, Philippe"]
[Black "Franco, Yolima"]
[Result "1-0"]
[WhiteElo "1173"]
[BlackElo "1495"]
[PlyCount "113"]

1. e4 c5 2. Nf3 Nc6 3. d4 cxd4 4. Nxd4 Nf6 5. Nc3 g6 6. Be2 Bg7 7. Be3 a6 8.
Qd2 b5 9. Nxc6 dxc6 10. Qxd8+ Kxd8 11. Rd1+ Ke8 12. Bd4 Bb7 13. e5 Nd7 14. f4
c5 15. Bf2 Bxg2 16. Rg1 Bc6 17. Bg4 e6 18. Rd6 Rc8 19. Ke2 b4 20. Nd1 Bf8 21.
Rd2 Bh6 22. Be3 Ke7 23. Nf2 Rhd8 24. Rgd1 Bb5+ 25. Ke1 Nxe5 26. Rxd8 Rxd8 27.
Bxc5+ Ke8 28. Rxd8+ Kxd8 29. fxe5 a5 30. Ne4 Bf4 31. h3 Bxe5 32. b3 f5 33. Bb6+
Bc7 34. Bxc7+ Kxc7 35. Ng5 fxg4 36. hxg4 h5 37. gxh5 gxh5 38. Nxe6+ Kd6 39. Nf4
h4 40. Kf2 h3 41. Nxh3 Kd5 42. Ke3 a4 43. Nf4+ Kc5 44. Nd3+ Kd5 45. Nxb4+ Kc5
46. Nd3+ Kd5 47. c4+ Bxc4 48. bxc4+ Kxc4 49. Kd2 a3 50. Kc2 Kd4 51. Nb4 Kc4 52.
Nc6 Kb5 53. Ne5 Kb4 54. Kd3 Kb5 55. Nc4 Kb4 56. Kd4 Ka4 57. Kc3 1-0

[Event "Tournoi Skype 030B"]
[Site "Skype"]
[Date "????.??.??"]
[Round "2.2"]
[White "Farfallini, Michel"]
[Black "Conde, Carmen"]
[Result "0-1"]
[WhiteElo "1446"]
[BlackElo "1166"]
[PlyCount "86"]

1. e4 e6 2. d4 Nf6 3. Bg5 Be7 4. Nc3 c6 5. Qd2 h6 6. Bf4 d6 7. e5 dxe5 8. dxe5
Qxd2+ 9. Bxd2 Nd5 10. O-O-O Nd7 11. f4 Bb4 12. Nge2 f6 13. exf6 N7xf6 14. h3
Bd7 15. Kb1 O-O-O 16. Nxd5 Nxd5 17. Bxb4 Nxb4 18. a3 Nd5 19. Rd3 Rhf8 20. g3
Be8 21. Nc3 Nxc3+ 22. Rxc3 Rd1+ 23. Ka2 Bf7 24. b3 Re8 25. Bg2 Rd2 26. Bf3 e5
27. Rd1 Rxd1 28. Bxd1 exf4 29. Bg4+ Kc7 30. Rf3 g5 31. gxf4 Bd5 32. Rf2 gxf4
33. Rxf4 Re5 34. h4 h5 35. Rf5 Rxf5 36. Bxf5 Kd6 37. c4 Bf3 38. b4 Ke5 39. Bc8
b6 40. Kb3 Kf4 41. Kc3 Kg3 42. Kd2 Kxh4 43. Ke3 Kg3 0-1

[Event "Tournoi Skype 030B"]
[Site "Skype"]
[Date "????.??.??"]
[Round "2.3"]
[White "Barrera Mendoza, Carlos"]
[Black "Scata, Laura"]
[Result "1-0"]
[WhiteElo "1166"]
[BlackElo "1366"]
[PlyCount "81"]

1. e4 c6 2. d4 d5 3. exd5 cxd5 4. Bd3 Nc6 5. c3 Nf6 6. h3 e6 7. Bg5 Be7 8. Nf3
h6 9. Bf4 Bd6 10. Ne5 Qc7 11. Qe2 Nd7 12. Na3 a6 13. O-O Ncxe5 14. dxe5 Bxe5
15. Bxe5 Nxe5 16. f4 Nxd3 17. Qxd3 Qb6+ 18. Rf2 O-O 19. Rb1 Bd7 20. Nc2 Ba4 21.
Nd4 Rad8 22. Re1 Rfe8 23. Qg3 Bc6 24. Kh2 Qa5 25. a3 Qc5 26. Re5 Qd6 27. Rh5
Re7 28. Rxh6 f5 29. Qg6 Be8 30. Qh7+ Kf7 31. Nxf5 exf5 32. Rxd6 Rxd6 33. Qxf5+
Kg8 34. Qg5 Kf8 35. Rd2 Bf7 36. c4 d4 37. b3 Re3 38. Qc5 Ke7 39. Rxd4 Ree6 40.
Qc7+ Kf6 41. Rxd6 1-0

[Event "Tournoi Skype 030B"]
[Site "Skype"]
[Date "????.??.??"]
[Round "2.5"]
[White "Talwalkar, Omkar Sameer"]
[Black "Abdulrazzaq, Mohsen"]
[Result "0-1"]
[WhiteElo "1149"]
[BlackElo "1346"]
[PlyCount "70"]

1. e4 c5 2. Nc3 Nc6 3. f4 e6 4. Nf3 Nf6 5. e5 Nd5 6. Nxd5 exd5 7. d4 d6 8. Bb5
Bg4 9. Qe2 dxe5 10. Qxe5+ Be7 11. Qxg7 Bf6 12. Qxg4 Qe7+ 13. Kf1 Kd8 14. Bxc6
bxc6 15. Ne5 Rc8 16. Qh5 Bxe5 17. fxe5 cxd4 18. Bg5 f6 19. Bxf6 Rf8 20. Qh6 Kd7
21. Kg1 Qf7 22. Rf1 Rce8 23. Qh3+ Kc7 24. Qg3 Qe6 25. Qg7+ Rf7 26. Qg3 Kc8 27.
c3 dxc3 28. Qxc3 Ref8 29. g3 Rc7 30. Kg2 c5 31. Qf3 Rb7 32. Rc1 Rxb2+ 33. Kg1
c4 34. Qa3 Qb6+ 35. Kf1 Qf2# 0-1

[Event "Tournoi Skype 030B"]
[Site "Skype"]
[Date "????.??.??"]
[Round "2.6"]
[White "Duthoit, Bernard"]
[Black "Ortis, Yves"]
[Result "1-0"]
[WhiteElo "1333"]
[BlackElo "1148"]
[PlyCount "73"]

1. e4 c5 2. Nf3 Nc6 3. c3 d5 4. exd5 Na5 5. c4 Nf6 6. b3 b6 7. Bb2 Nb7 8. Bxf6
gxf6 9. d4 cxd4 10. Nxd4 Bd7 11. g3 Bh6 12. Bg2 f5 13. Qh5 Bg7 14. Qh4 Bf6 15.
Qf4 Nd6 16. Nc3 Bxd4 17. Qxd4 f6 18. O-O Kf7 19. Rfe1 Re8 20. Qh4 Kg7 21. Ne2
e6 22. dxe6 Bxe6 23. Bxa8 Qxa8 24. Nf4 Ne4 25. Nh5+ Kg6 26. f3 Nd2 27. Nf4+ Kg7
28. Nxe6+ Kh8 29. Nd4 Kg7 30. Nxf5+ Kh8 31. Nd4 Rxe1+ 32. Rxe1 Qd8 33. Qg4 f5
34. Nxf5 Nxf3+ 35. Qxf3 Kg8 36. Qg4+ Kf8 37. Qg7# 1-0

[Event "Tournoi Skype 030B"]
[Site "Skype"]
[Date "????.??.??"]
[Round "2.7"]
[White "Codina, Teresa"]
[Black "Parrales, Rodolfo"]
[Result "0-1"]
[WhiteElo "1310"]
[BlackElo "1146"]
[PlyCount "38"]

1. d4 g6 2. Nf3 Bg7 3. c3 d6 4. Bg5 Bf5 5. e3 a6 6. Bd3 Qd7 7. Nh4 Bxd3 8. Qxd3
Qg4 9. Nf3 Qxg2 10. Rg1 Qxf3 11. Nd2 Qd5 12. Bf4 e5 13. Bg3 Nf6 14. e4 Qc6 15.
f3 Nh5 16. Kf2 Nxg3 17. Rxg3 exd4 18. cxd4 Qb6 19. Rb1 Bxd4+ 0-1

[Event "Tournoi Skype 030B"]
[Site "Skype"]
[Date "????.??.??"]
[Round "2.8"]
[White "Rosenkoetter, David"]
[Black "Hargez, Dany"]
[Result "1-0"]
[WhiteElo "1143"]
[BlackElo "1296"]
[PlyCount "109"]

1. e4 e5 2. Nf3 d6 3. d4 Bg4 4. dxe5 dxe5 5. Qxd8+ Kxd8 6. Nxe5 Be6 7. Bc4 Bxc4
8. Nxc4 Nf6 9. e5 Ng4 10. Bf4 Bc5 11. f3 Nf2 12. Rf1 f6 13. Nc3 fxe5 14. Be3
Bxe3 15. Nxe3 Nc6 16. Rxf2 Nd4 17. O-O-O c5 18. Nf5 Kc7 19. Nxd4 cxd4 20. Ne4
Rad8 21. Ng5 Rd5 22. Re2 Kd7 23. Nf7 Re8 24. Red2 Re7 25. Ng5 h6 26. Ne4 Re6
27. c3 Rc6 28. Kb1 b5 29. cxd4 exd4 30. Rxd4 Rxd4 31. Rxd4+ Kc7 32. h4 Rg6 33.
g3 Rc6 34. Nd6 Rxd6 35. Rxd6 Kxd6 36. Kc2 Ke5 37. Kd3 Kf5 38. Kd4 g5 39. h5 g4
40. f4 a6 41. Kd5 b4 42. b3 Kf6 43. Ke4 Ke6 44. Kd4 Kf5 45. Kc5 a5 46. Kb5 Ke4
47. Kxa5 Kf3 48. Kxb4 Kxg3 49. f5 Kf4 50. f6 g3 51. f7 g2 52. f8=Q+ Kg5 53.
Qg8+ Kxh5 54. Qxg2 Kh4 55. a4 1-0

[Event "Tournoi Skype 030B"]
[Site "Skype"]
[Date "????.??.??"]
[Round "2.9"]
[White "Lago Carballo, Maria Del Carmen"]
[Black "Rivalta, Paolo"]
[Result "1-0"]
[WhiteElo "1294"]
[BlackElo "1142"]
[PlyCount "33"]

1. e4 c5 2. Nf3 Nc6 3. Nc3 e6 4. d4 cxd4 5. Nxd4 e5 6. Nxc6 bxc6 7. Bd3 Bb4 8.
Bd2 Nf6 9. O-O O-O 10. a3 Bc5 11. Na4 Bb6 12. Re1 d5 13. Nxb6 Qxb6 14. h3 Qxb2
15. exd5 cxd5 16. Bb4 Re8 17. c3 1-0

[Event "Tournoi Skype 030B"]
[Site "Skype"]
[Date "????.??.??"]
[Round "2.10"]
[White "Ponz Lazaro, Ruperto"]
[Black "Gomez Caballero, Blas"]
[Result "0-1"]
[WhiteElo "1285"]
[BlackElo "1133"]
[PlyCount "76"]

1. d4 d5 2. Nf3 h6 3. Bf4 e6 4. e3 a6 5. Bd3 b5 6. c3 Bb7 7. Nbd2 Bd6 8. Bg3
Nf6 9. Ne5 Nbd7 10. a3 Qe7 11. O-O Nb6 12. b3 O-O-O 13. Qe2 Bxe5 14. dxe5 Ne4
15. Nxe4 dxe4 16. Bc2 h5 17. h3 g5 18. a4 b4 19. c4 Rdg8 20. Rfd1 h4 21. Bh2
Rg7 22. Qg4 f5 23. exf6 Qxf6 24. Rd2 Rd8 25. Rad1 Rxd2 26. Rxd2 Qc3 27. Qxe6+
Kb8 28. Rd1 Qxc2 29. Qg4 Rd7 30. Bxc7+ Rxc7 31. Rf1 Qxb3 32. Qxg5 Qxc4 33. Qxh4
b3 34. Qh8+ Rc8 35. Qe5+ Ka8 36. Qa5 Nxa4 37. Qd2 b2 38. Rb1 Qc2 0-1

[Event "Tournoi Skype 030B"]
[Site "Skype"]
[Date "????.??.??"]
[Round "2.11"]
[White "Jimenez Del Rosario, Alsis Raynely"]
[Black "Roman, Sylvian"]
[Result "0-1"]
[WhiteElo "1141"]
[BlackElo "1284"]
[PlyCount "100"]

1. e4 e5 2. Nf3 Nc6 3. Bc4 Bc5 4. d3 d6 5. Ng5 Nh6 6. O-O Bg4 7. Bxf7+ Nxf7 8.
Qxg4 Qf6 9. Nxf7 Qxf7 10. c3 O-O 11. Qg3 Rae8 12. Be3 Bxe3 13. Qxe3 Qf4 14.
Qxf4 exf4 15. Nd2 Ne5 16. d4 Nd3 17. Rab1 c5 18. dxc5 dxc5 19. a3 Ne5 20. b4 c4
21. a4 Rd8 22. Rfd1 Rd3 23. Rbc1 Rfd8 24. Rc2 f3 25. g3 g5 26. a5 h5 27. Kf1 h4
28. Ke1 h3 29. Rcc1 g4 30. Nf1 Kf7 31. Rd2 Rxd2 32. Nxd2 Nd3+ 33. Kd1 Nxf2+ 34.
Kc2 Nd3 35. Rb1 Ne5 36. b5 Ke6 37. Rb4 f2 38. Rb1 Rf8 39. a6 b6 40. Rf1 Kd6 41.
Rd1 Kc7 42. Nf1 Nd3 43. Kb1 Re8 44. Nd2 Rf8 45. Ka2 Ne5 46. Ka3 Rd8 47. Kb4
Rxd2 48. Rxd2 f1=Q 49. Rd5 Qb1+ 50. Ka4 Qb3# 0-1

[Event "Tournoi Skype 030B"]
[Site "Skype"]
[Date "????.??.??"]
[Round "2.12"]
[White "Cengiz, Ali Ekber"]
[Black "Herrera, Oscar"]
[Result "0-1"]
[WhiteElo "1281"]
[BlackElo "1126"]
[PlyCount "76"]

1. e4 e5 2. Nf3 Nc6 3. Bc4 Bc5 4. d3 Nf6 5. h3 h6 6. c3 a6 7. a3 d6 8. Nbd2 O-O
9. b4 Bb6 10. Bb2 d5 11. exd5 Nxd5 12. Ne4 Nf6 13. O-O Nxe4 14. dxe4 Qf6 15.
Qe2 Qg6 16. Nh4 Qg5 17. Bc1 Qxh4 18. Qf3 Nd8 19. Be3 Bxe3 20. fxe3 Ne6 21. Kh2
Ng5 22. Qg3 Qxg3+ 23. Kxg3 Nxe4+ 24. Kh4 Nd2 25. Bxf7+ Rxf7 26. Rfd1 Nc4 27. e4
Be6 28. g4 g5+ 29. Kg3 Rf4 30. Re1 Raf8 31. Re2 Rf3+ 32. Kg2 Rxc3 33. a4 Rff3
34. Rf2 Rg3+ 35. Kf1 Ne3+ 36. Ke2 Bc4+ 37. Kd2 Rc2+ 38. Ke1 Rg1+ 0-1

[Event "Tournoi Skype 030B"]
[Site "Skype"]
[Date "????.??.??"]
[Round "2.13"]
[White "Erten, Ozlem"]
[Black "Prieto, Jairo Ovidio"]
[Result "0-1"]
[WhiteElo "1138"]
[BlackElo "1277"]
[PlyCount "40"]

1. d4 d5 2. Bf4 e6 3. e3 c5 4. c3 c4 5. Nf3 Nc6 6. Nbd2 b5 7. b3 Nf6 8. bxc4
bxc4 9. Qa4 Bd7 10. Qc2 Be7 11. Be2 O-O 12. O-O Nh5 13. Be5 Bf6 14. Rab1 g6 15.
Bxf6 Nxf6 16. Ne5 Ne7 17. Bg4 Nxg4 18. Nxg4 f6 19. e4 f5 20. e5 fxg4 0-1

[Event "Tournoi Skype 030B"]
[Site "Skype"]
[Date "????.??.??"]
[Round "2.14"]
[White "Sosa, Juan Carlos"]
[Black "Mira Poveda, Jose Antonio"]
[Result "0-1"]
[WhiteElo "1276"]
[BlackElo "1117"]
[PlyCount "116"]

1. d4 d5 2. Bf4 Nf6 3. h3 Bf5 4. Nf3 e6 5. Nh4 Be7 6. Nxf5 exf5 7. e3 O-O 8.
Nd2 Nbd7 9. Bd3 g6 10. c4 c5 11. cxd5 Nxd5 12. Ne4 fxe4 13. Bxe4 Nxf4 14. exf4
Qb6 15. dxc5 Nxc5 16. Bc2 Qxb2 17. O-O Rad8 18. Qe2 Bf6 19. Rfc1 Nd3 20. Rcb1
Qa3 21. Rb3 Nxf4 22. Qf3 Qa4 23. Rab1 b6 24. a3 Qc4 25. Bd1 Rfe8 26. Rb4 Re1+
27. Kh2 Qd5 28. Rxf4 Be5 29. Rbb4 Rxd1 30. Qxd5 Bxf4+ 31. Rxf4 R8xd5 32. Rc4
R1d2 33. Rc8+ Kg7 34. f3 a5 35. Rc6 b5 36. Ra6 a4 37. Ra5 Ra2 38. h4 Rxa3 39.
Kg3 Ra1 40. Kf4 Rd4+ 41. Ke3 Rad1 42. Rxb5 a3 43. Ra5 R4d3+ 44. Ke2 R1d2+ 45.
Kf1 a2 46. f4 Rd1+ 47. Ke2 R1d2+ 48. Kf1 Rd6 49. g4 Rd1+ 50. Ke2 a1=Q 51. Rxa1
Rxa1 52. Ke3 Ra3+ 53. Ke4 Re6+ 54. Kd5 Rd3+ 55. Kc5 Re8 56. f5 Rc8+ 57. Kb4 Rd1
58. fxg6 Rb1+ 0-1

[Event "Tournoi Skype 030B"]
[Site "Skype"]
[Date "????.??.??"]
[Round "2.15"]
[White "Crocioni, Luca"]
[Black "Bucherie, Volcy"]
[Result "1-0"]
[WhiteElo "1119"]
[BlackElo "1274"]
[PlyCount "21"]

1. e4 c6 2. Bc4 d5 3. exd5 cxd5 4. Bb3 Nc6 5. d4 e5 6. dxe5 Nxe5 7. Bf4 Bb4+ 8.
c3 Bg4 9. Qxd5 Bd6 10. Bxe5 Nf6 11. Qxf7# 1-0

[Event "Tournoi Skype 030B"]
[Site "Skype"]
[Date "????.??.??"]
[Round "2.16"]
[White "Tolaro, Filippa"]
[Black "Battaglia, Gabriele"]
[Result "0-1"]
[WhiteElo "1114"]
[BlackElo "1271"]
[PlyCount "73"]

1. Nf3 g6 2. d4 Bg7 3. Bf4 Nf6 4. e3 O-O 5. Bd3 d6 6. c4 Bg4 7. Nbd2 c5 8. h3
Bxf3 9. Nxf3 Qa5+ 10. Qd2 Qxd2+ 11. Nxd2 cxd4 12. exd4 Nc6 13. Nf3 Nh5 14. Be3
e5 15. d5 Nb4 16. Bb1 Rfe8 17. O-O e4 18. a3 Bxb2 19. Ra2 Nxa2 20. Bxa2 exf3
21. gxf3 Bxa3 22. Rb1 Re7 23. Bg5 Re2 24. Bb3 Bc5 25. Bh4 Rae8 26. Kg2 Nf4+ 27.
Kf1 Nxh3 28. Kg2 Nxf2 29. Rf1 Nd3+ 30. Kh3 R2e3 31. Ba4 Rb8 32. Kg4 Ne5+ 33.
Kf4 Nxc4 34. Bd7 b5 35. Bf2 Rd3 36. Ke4 Nd2+ 37. Kxd3 0-1

[Event "Tournoi Skype 030B"]
[Site "Skype"]
[Date "????.??.??"]
[Round "2.17"]
[White "Conde, Abigail"]
[Black "Reese, Evan"]
[Result "0-1"]
[WhiteElo "1234"]
[BlackElo "1107"]
[PlyCount "46"]

1. d4 d5 2. Nf3 Nf6 3. e3 Bf5 4. Nbd2 e6 5. a3 Bd6 6. c4 dxc4 7. Bxc4 O-O 8.
Qe2 Nc6 9. e4 e5 10. O-O Bg6 11. d5 Nd4 12. Nxd4 exd4 13. Qd3 Re8 14. Re1 c6
15. Qxd4 c5 16. Qd3 Bf4 17. g3 Bxd2 18. Bxd2 Nxe4 19. Bf4 Nxf2 20. Qf3 Nh3+ 21.
Kf1 Qf6 22. Re2 Qd4 23. Bb5 Qg1# 0-1

[Event "Tournoi Skype 030B"]
[Site "Skype"]
[Date "????.??.??"]
[Round "2.18"]
[White "Gomez Zuluaga, Jorge Adiel"]
[Black "Sanchez Padilla, Armando Edilber"]
[Result "1/2-1/2"]
[WhiteElo "1079"]
[BlackElo "1225"]
[PlyCount "135"]

1. d4 Nf6 2. Nc3 d5 3. Nf3 Bf5 4. e3 Nc6 5. Bb5 a6 6. Bxc6+ bxc6 7. Ne5 Qd6 8.
b3 e6 9. a4 c5 10. Ba3 Qb6 11. dxc5 Bxc5 12. Bxc5 Qxc5 13. Qd2 O-O 14. Nd3 Qd6
15. h3 c5 16. Nf4 d4 17. Nce2 Ne4 18. Qc1 Rab8 19. exd4 cxd4 20. g4 Qb4+ 21.
Kf1 Nd2+ 22. Kg1 Be4 23. Ng2 Nf3+ 24. Kf1 Qd2 25. Ra2 Bxc2 26. Rxc2 Qxc1+ 27.
Rxc1 Nd2+ 28. Kg1 d3 29. Nd4 e5 30. Rd1 Nxb3 31. Nxb3 Rxb3 32. Kh2 e4 33. Rd2
Rc8 34. Ne3 g6 35. Kg2 Ra3 36. Rf1 Rxa4 37. Rb1 a5 38. f3 Rb4 39. Rxb4 exf3+
40. Kxf3 axb4 41. Rxd3 Rc3 42. Rxc3 bxc3 43. Nc2 Kg7 44. Ke4 Kf6 45. h4 h6 46.
Ne3 Ke6 47. Kf4 f6 48. Nc2 Kd5 49. h5 g5+ 50. Ke3 Ke5 51. Kd3 Kf4 52. Ne3 c2
53. Nxc2 Kxg4 54. Ne3+ Kxh5 55. Ke2 f5 56. Nxf5 g4 57. Kf2 Kg5 58. Ng3 Kf4 59.
Kg2 Kg5 60. Kf2 h5 61. Nf1 h4 62. Kg2 Kf4 63. Nh2 h3+ 64. Kh1 g3 65. Nf1 Kf3
66. Nxg3 Kxg3 67. Kg1 h2+ 68. Kh1 1/2-1/2

[Event "Tournoi Skype 030B"]
[Site "Skype"]
[Date "????.??.??"]
[Round "2.19"]
[White "Malbec, Robert"]
[Black "Lognos, Lina"]
[Result "1/2-1/2"]
[WhiteElo "1223"]
[BlackElo "1023"]
[PlyCount "120"]

1. e4 c5 2. Nf3 d6 3. d4 cxd4 4. Nxd4 Nf6 5. Nc3 a6 6. Be3 e5 7. Nf3 Be7 8. Bc4
O-O 9. O-O Ng4 10. Bd2 Nc6 11. h3 Nf6 12. Re1 Na5 13. Bd3 Be6 14. Bg5 h6 15.
Bh4 Qb6 16. b3 Rac8 17. Qd2 Qc6 18. Ne2 Qb6 19. Bxf6 Bxf6 20. c4 Nc6 21. Nc3
Nb4 22. Bb1 Nc6 23. Nd5 Bxd5 24. exd5 Nd4 25. Qd3 Nxf3+ 26. Qxf3 Qd4 27. Qe4
Qxe4 28. Bxe4 Bg5 29. Rad1 f5 30. Bb1 b5 31. Bd3 bxc4 32. Bxc4 a5 33. g3 a4 34.
h4 axb3 35. axb3 Bf6 36. Ra1 Ra8 37. Ra6 Rxa6 38. Bxa6 e4 39. Rc1 Rb8 40. Rc8+
Rxc8 41. Bxc8 g6 42. Be6+ Kf8 43. b4 Ke7 44. Kf1 Kd8 45. Ke2 Kc7 46. Kd1 Kb6
47. Kc2 Kb5 48. Kb3 Bd4 49. Bd7+ Kb6 50. Kc2 Bxf2 51. Be8 g5 52. hxg5 hxg5 53.
Bg6 f4 54. gxf4 gxf4 55. Bxe4 Bd4 56. Kb3 Kb5 57. Bd3+ Kb6 58. Kc4 Ba1 59. b5
f3 60. Bf1 f2 1/2-1/2

[Event "Tournoi Skype 030B"]
[Site "Skype"]
[Date "????.??.??"]
[Round "2.20"]
[White "Hernandez Lopez, Joaquin"]
[Black "Moumtaz, Abderrahim"]
[Result "1-0"]
[WhiteElo "1061"]
[BlackElo "1213"]
[PlyCount "23"]

1. e4 e5 2. Nf3 Nc6 3. Bb5 Nf6 4. d4 exd4 5. e5 Qe7 6. O-O Nd5 7. Re1 Qd8 8.
Nxd4 Nxd4 9. Qxd4 c6 10. Bc4 c5 11. Qxd5 Be7 12. Qxf7# 1-0

[Event "Tournoi Skype 030B"]
[Site "Skype"]
[Date "????.??.??"]
[Round "2.21"]
[White "Felippe E Silva, Glenda"]
[Black "Balci Gungor, Ayca"]
[Result "1/2-1/2"]
[WhiteElo "1207"]
[BlackElo "1019"]
[PlyCount "92"]

1. d4 d5 2. Bf4 e6 3. e3 Nf6 4. Nf3 Nc6 5. Nbd2 Be7 6. h3 O-O 7. Bd3 h6 8. O-O
Re8 9. Re1 Nb4 10. Be2 c5 11. c3 Nc6 12. Bd3 c4 13. Bc2 Bd6 14. Bxd6 Qxd6 15.
e4 dxe4 16. Nxe4 Nxe4 17. Bxe4 Bd7 18. Qe2 b5 19. Rad1 a6 20. a3 Re7 21. Bc2
Rae8 22. Qe4 f5 23. Qe2 Qc7 24. Ne5 Nxe5 25. Qxe5 Qb7 26. Re3 Bc6 27. Rg3 Rd8
28. Re1 Rd5 29. Qe3 a5 30. Bd1 e5 31. dxe5 Rdxe5 32. Qxe5 Rxe5 33. Rxe5 Be4 34.
Bh5 f4 35. Rg4 Bd3 36. Rxf4 b4 37. Bf3 Qc7 38. Bd5+ Kh7 39. Be4+ g6 40. Bxd3
Qxe5 41. Rf7+ Kh8 42. Bxc4 bxc3 43. Rf8+ Kg7 44. Rf7+ Kh8 45. Rf8+ Kg7 46. Rf7+
Kh8 1/2-1/2

[Event "Tournoi Skype 030B"]
[Site "Skype"]
[Date "????.??.??"]
[Round "2.23"]
[White "Moraga Vasquez, Michael"]
[Black "Bustos, Elias Ezequiel"]
[Result "1/2-1/2"]
[WhiteElo "1206"]
[BlackElo "1000"]
[PlyCount "47"]

1. e4 e6 2. d3 d5 3. Nd2 c5 4. Ngf3 Nc6 5. g3 Bd7 6. Bg2 Bd6 7. O-O Nge7 8. Re1
O-O 9. e5 Bc7 10. Nf1 Nf5 11. g4 Nfd4 12. c3 Nxf3+ 13. Qxf3 Nxe5 14. Qg3 Nxd3
15. Qxd3 Bd6 16. Re3 Rc8 17. Rh3 f5 18. Ng3 c4 19. Qd4 Qf6 20. Qxf6 Rxf6 21.
Nh5 Rg6 22. Bf3 fxg4 23. Bxg4 Rxg4+ 24. Kh1 1/2-1/2

[Event "Tournoi Skype 030B"]
[Site "Skype"]
[Date "????.??.??"]
[Round "2.24"]
[White "Kumbhar, Ashok"]
[Black "Alarcon Alarcon, Marina"]
[Result "0-1"]
[WhiteElo "1018"]
[BlackElo "1202"]
[PlyCount "34"]

1. e4 e5 2. Nf3 Nc6 3. Bc4 Be7 4. O-O Nf6 5. Nc3 d6 6. d3 Bg4 7. Re1 Nd4 8. Re3
O-O 9. Kh1 c6 10. Ne2 Bxf3 11. gxf3 b5 12. Bb3 a5 13. c3 Nxb3 14. Qxb3 a4 15.
Qd1 h6 16. f4 Ng4 17. Rg3 Nxf2+ 0-1

[Event "Tournoi Skype 030B"]
[Site "Skype"]
[Date "????.??.??"]
[Round "2.25"]
[White "Milanese, Serge"]
[Black "Garcia De La Calva, Juan Ramon"]
[Result "0-1"]
[WhiteElo "1202"]
[BlackElo "1000"]
[PlyCount "56"]

1. d4 Nf6 2. Bf4 d6 3. e3 g6 4. Be2 Bg7 5. Nd2 O-O 6. h3 Nbd7 7. c3 c5 8. Ngf3
Re8 9. Bd3 cxd4 10. exd4 e5 11. Be3 e4 12. Nxe4 Nxe4 13. Bc4 Nb6 14. Bb3 Be6
15. O-O d5 16. Qc1 Rc8 17. Bf4 Nd7 18. Ng5 Ndf6 19. f3 Nxg5 20. Bxg5 Qd7 21. g4
Qd6 22. Bf4 Qd7 23. a4 a6 24. a5 Qe7 25. Qe3 Nd7 26. Ba4 f6 27. Ra3 Rf8 28.
Qxe6+ Qxe6 0-1

[Event "Tournoi Skype 030B"]
[Site "Skype"]
[Date "????.??.??"]
[Round "2.26"]
[White "Morales Terreros, Jose Luis"]
[Black "Busto, Ricardo"]
[Result "1-0"]
[WhiteElo "1000"]
[BlackElo "1198"]
[PlyCount "61"]

1. e4 c5 2. Nf3 e6 3. c4 Nc6 4. Nc3 a6 5. d4 cxd4 6. Nxd4 Nf6 7. Nf3 b5 8. cxb5
axb5 9. Bxb5 Bb7 10. Bf4 Bb4 11. O-O Bxc3 12. bxc3 Nxe4 13. Bd3 Nc5 14. Bc2 O-O
15. Bd6 Ne7 16. Bxc5 d6 17. Bxd6 Re8 18. Ng5 Nf5 19. Ne4 Bxe4 20. Bxe4 Rc8 21.
Bxf5 exf5 22. Rc1 Qf6 23. Bb4 Rcd8 24. Qc2 Rc8 25. c4 Re4 26. Qb3 Qe6 27. f3
Re3 28. Rc3 Rxc3 29. Bxc3 Rxc4 30. Re1 Qa6 31. Re8# 1-0

[Event "Tournoi Skype 030B"]
[Site "Skype"]
[Date "????.??.??"]
[Round "2.27"]
[White "Salvi, Angele"]
[Black "Yepez, German"]
[Result "1-0"]
[WhiteElo "1000"]
[BlackElo "1181"]
[PlyCount "35"]

1. e4 e5 2. Nf3 Nc6 3. d4 exd4 4. Nxd4 Ne5 5. Nc3 c6 6. Be3 Bb4 7. Nf5 Qf6 8.
Be2 g6 9. f4 gxf5 10. fxe5 Bxc3+ 11. bxc3 Qxe5 12. Bd4 Qxe4 13. Bxh8 Qxg2 14.
Bf3 Qg5 15. Qe2+ Ne7 16. Bd4 d5 17. Rg1 Kd7 18. Rxg5 1-0

[Event "Tournoi Skype 030B"]
[Site "Skype"]
[Date "????.??.??"]
[Round "2.28"]
[White "Khatanhar, Mohit"]
[Black "Pirola, Gabriele"]
[Result "0-1"]
[WhiteElo "1180"]
[BlackElo "1000"]
[PlyCount "63"]

1. e4 e5 2. Nf3 Nc6 3. Bc4 Bc5 4. O-O Nf6 5. d3 O-O 6. a3 h6 7. h3 a6 8. Nc3
Re8 9. Re1 d6 10. Be3 Nd4 11. Nb1 b5 12. Ba2 Bb6 13. c3 Nxf3+ 14. Qxf3 Bxe3 15.
Rxe3 Qe7 16. Nd2 Bb7 17. Rae1 Red8 18. Qg3 c5 19. d4 cxd4 20. cxd4 exd4 21.
R3e2 Rac8 22. e5 dxe5 23. Rxe5 Qd6 24. Qg6 Rf8 25. Qd3 Rfd8 26. Bb1 Rc1 27.
Rxc1 Qxe5 28. f3 Qe3+ 29. Qxe3 dxe3 30. Nf1 e2 31. Ng3 Rd1+ 32. Rxd1 0-1

[Event "Tournoi Skype 030B"]
[Site "Skype"]
[Date "????.??.??"]
[Round "2.29"]
[White "Wenckstern, Roberto"]
[Black "Llabres, Sergio"]
[Result "1-0"]
[WhiteElo "1000"]
[BlackElo "1176"]
[PlyCount "53"]

1. c4 c6 2. e4 d5 3. cxd5 cxd5 4. e5 Nc6 5. Nf3 Bf5 6. d4 a6 7. Nc3 b5 8. Be2
Nb4 9. Bd2 Nc2+ 10. Kf1 Nxa1 11. Qxa1 e6 12. g3 h6 13. Kg2 Ne7 14. Re1 Bh7 15.
Nxb5 axb5 16. Bxb5+ Nc6 17. Bxc6+ Ke7 18. Bb4+ Qd6 19. Bxd6+ Kd8 20. Bxa8 Bxd6
21. exd6 Kd7 22. Ne5+ Ke8 23. Bc6+ Kf8 24. Nd7+ Ke8 25. Nf6+ Kd8 26. Nxh7 Rxh7
27. Qc1 1-0

[Event "Tournoi Skype 030B"]
[Site "Skype"]
[Date "????.??.??"]
[Round "2.30"]
[White "Nicolini, Francesco"]
[Black "Resende, Paulo"]
[Result "1-0"]
[WhiteElo "1176"]
[BlackElo "1000"]
[PlyCount "77"]

1. e4 e5 2. Nf3 Nc6 3. Bc4 Nf6 4. Ng5 d5 5. exd5 Na5 6. Bb5+ c6 7. dxc6 bxc6 8.
Ba4 h6 9. Nh3 Bg4 10. f3 Bxh3 11. gxh3 Bc5 12. c3 O-O 13. b4 Bb6 14. bxa5 Bc5
15. Qe2 Nh5 16. Ba3 Nf4 17. Qf1 Qh4+ 18. Kd1 Bxa3 19. Nxa3 Rad8 20. Nc4 Nxh3
21. Kc1 Nf2 22. Bb3 Nxh1 23. Qxh1 Qf6 24. Kb2 Rd3 25. Rf1 Rfd8 26. Qg2 Qf4 27.
Rf2 Qf6 28. Qg3 e4 29. Ne3 Rxd2+ 30. Rxd2 Rxd2+ 31. Bc2 Qxf3 32. Qb8+ Kh7 33.
Qxa7 Qf2 34. Kb3 f5 35. Qc5 Re2 36. Qxf5+ Qxf5 37. Nxf5 g6 38. Ng3 e3 39. Nxe2
1-0

[Event "Tournoi Skype 030B"]
[Site "Skype"]
[Date "????.??.??"]
[Round "2.31"]
[White "Colangelo, Michele"]
[Black "Schnell, Nicolas"]
[Result "0-1"]
[WhiteElo "1189"]
[BlackElo "1000"]
[PlyCount "74"]

1. h4 d5 2. e3 e5 3. Nf3 e4 4. Ng5 f6 5. Nh3 Bd6 6. Ng1 Ne7 7. Bb5+ c6 8. Ba4
b5 9. Bb3 O-O 10. c3 c5 11. d4 c4 12. Bc2 Nbc6 13. Ne2 Ng6 14. h5 Nh8 15. O-O
Bg4 16. Nd2 Qc7 17. g3 Bxh5 18. b4 Ng6 19. Nxc4 bxc4 20. b5 Nh4 21. Bb2 Bf3 22.
Qe1 Ng2 23. Qb1 Bxe2 24. Re1 Nxe1 25. Qxe1 Bf3 26. Bd1 Ne7 27. Bxf3 exf3 28. e4
Qd7 29. Qf1 dxe4 30. Qxc4+ Kh8 31. Kf1 Qh3+ 32. Ke1 Nf5 33. Qe6 Rfe8 34. Qd7 e3
35. fxe3 Rxe3+ 36. Kf2 Qxg3+ 37. Kf1 Qg2# 0-1

[Event "Tournoi Skype 030B"]
[Site "Skype"]
[Date "????.??.??"]
[Round "2.34"]
[White "Ladeia Pereira, Geraldo"]
[Black "Ruiz Gomez, Luz Alba"]
[Result "1-0"]
[WhiteElo "1083"]
[BlackElo "1192"]
[PlyCount "87"]

1. e4 e5 2. Nf3 Nc6 3. c3 Nf6 4. Qc2 d5 5. exd5 Nxd5 6. Bc4 Be6 7. Qb3 b6 8.
O-O Be7 9. Re1 Bf6 10. d4 O-O 11. dxe5 Be7 12. Nbd2 Na5 13. Qa4 Nxc4 14. Nxc4
c6 15. Qd1 b5 16. Ne3 Nf4 17. Nf1 Nd5 18. Qe2 Nf4 19. Bxf4 a6 20. b3 Qa5 21. b4
Qb6 22. Be3 Qc7 23. a4 Bc4 24. Qc2 Rfd8 25. axb5 cxb5 26. Bg5 Bd3 27. Qc1 Rd5
28. Bxe7 Qxe7 29. Ne3 Rc5 30. bxc5 Qxc5 31. Qa3 Qc6 32. Nd4 Qg6 33. Qd6 Qe4 34.
Rxa6 Re8 35. Nec2 Bc4 36. Rxe4 h6 37. e6 fxe6 38. Nxe6 Bb3 39. Ne3 Rc8 40. Nc5
Bf7 41. Nf5 Kh7 42. g4 Bg6 43. Qxg6+ Kh8 44. Qxg7# 1-0

[Event "Tournoi Skype 030B"]
[Site "Skype"]
[Date "????.??.??"]
[Round "2.35"]
[White "Franca, Adilson Mendes"]
[Black "Castanha, Marco"]
[Result "1-0"]
[WhiteElo "1147"]
[BlackElo "1000"]
[PlyCount "58"]

1. e4 c5 2. Nf3 d6 3. g3 Nf6 4. d3 e6 5. Bg2 Nc6 6. O-O Be7 7. c3 O-O 8. Be3 e5
9. d4 cxd4 10. cxd4 exd4 11. Bxd4 Nxd4 12. Nxd4 Nxe4 13. Bxe4 Bf6 14. Nc3 Re8
15. Re1 Rb8 16. Qh5 h6 17. Bd5 Rf8 18. Nf3 b6 19. Re3 Bb7 20. Bxb7 Rxb7 21.
Rae1 Re7 22. Rxe7 Bxe7 23. Nd5 Bg5 24. Nxg5 hxg5 25. Ne7+ Qxe7 26. Rxe7 a5 27.
Qxg5 a4 28. Rb7 g6 29. Rxb6 Rd8 1-0